Statistics for Word Answers that End in a Non-Silent Final E

Click here to take the quiz!

General Stats

  • This quiz has been taken 143 times
  • The average score is 14 of 22

Answer Stats

HintWord% Correct
A martial art from Japankarate
94%
A man who is engaged to be marriedfiancé
92%
Type of seed often sprinkled on a hamburger bunsesame
92%
It tells you how to prepare a particular dish.recipe
90%
Condition characterized by red pimples on the faceacne
89%
Small restaurant selling light meals and drinks, a coffee shopcafe
89%
Punctuation mark for contractions or possessionapostrophe
79%
Comparing two different things using "like" or "as"simile
75%
A citizen who takes the law into their own handsvigilante
72%
A wolf-like wild dog native to North Americacoyote
67%
Similar to a CVrésumé
67%
A phrase or opinion that is overused and betrays a lack of original thoughtcliche
61%
A disastercatastrophe
59%
A massive exaggerationhyperbole
59%
Broad, heavy knife used as a tool or weaponmachete
52%
Clay used as a building material, typically as sun-dried bricksadobe
48%
Stake put up by a poker player before receiving cardsante
47%
Group summoned by a sheriff to enforce the lawposse
45%
A perfect example of a particular quality or typeepitome
27%
Small blue-green spineless cactus with hallucinogenic effectspeyote
27%
Temporary loss of consciousness caused by a fall in blood pressuresyncope
16%
Keyboard with notes produced by steam whistles, used on showboatscalliope
13%

Score Distribution

Percentile by Number Answered

Percent of People with Each Score

Your Score History

You have not taken this quiz